Ejercicios Latinos : Primer grado

Enregistré dans:
Détails bibliographiques
Auteur principal: Valentí Fiol, Eduardo
Format: Livre
Langue:Undetermined
Publié: Barcelona, España Bosch 1961
Édition:9
Sujets:
Tags: Ajouter un tag
Pas de tags, Soyez le premier à ajouter un tag!

MARC

LEADER 00000nam a2200000Ia 4500
008 170316s9999 xx 000 0 und d
090 |a 415-L V-2e 
100 |a Valentí Fiol, Eduardo 
245 |a Ejercicios Latinos : Primer grado 
250 |a 9 
260 |a Barcelona, España 
260 |b Bosch 
260 |c 1961 
300 |a 205 páginas 
650 |a GRAMÁTICA LATINA 
999 |c 19657  |d 19657 
040 |a cru BVZT 
942 |c 15 D  |h 415-L V-2e  |2 z